El Conde de Montecristo / (Record no. 127327)

MARC details
000 -CABECERA
campo de control de longitud fija 00738cam a22002534a 4500
003 - IDENTIFICADOR DEL NÚMERO DE CONTROL
campo de control UPN
005 - FECHA Y HORA DE LA ÚLTIMA TRANSACCIÓN
campo de control 20240806063817.0
008 - ELEMENTOS DE LONGITUD FIJA--INFORMACIÓN GENERAL
campo de control de longitud fija 080404s2007 mx a r 000 f spa d
020 ## - NÚMERO INTERNACIONAL NORMALIZADO PARA LIBROS
Número Internacional Estándar del Libro 9789706439987
035 ## - NÚMERO DE CONTROL DEL SISTEMA
Número de control de sistema UPN01000155211
040 ## - FUENTE DE LA CATALOGACIÓN
Centro catalogador/agencia de origen UPN
Lengua de catalogación spa
Centro/agencia transcriptor UPN
049 ## - COLECCIÓN
Colección I
050 #4 - SIGNATURA TOPOGRÁFICA DE LA BIBLIOTECA DEL CONGRESO
Número de clasificación PQ2226
Número de documento/Ítem D8.2
100 1# - ASIENTO PRINCIPAL--NOMBRE PERSONAL
Nombre de persona Dumas, Alexandre,
Fechas asociadas al nombre 1802-1870
9 (RLIN) 27901
245 13 - MENCIÓN DE TÍTULO
Título El Conde de Montecristo /
Mención de responsabilidad, etc. Alejandro Dumas ; adaptación de Blanca Martínez-Fernández.
260 ## - PUBLICACIÓN, DISTRIBUCIÓN, ETC.
Lugar de publicación, distribución, etc. México :
Nombre del editor, distribuidor, etc. Selector,
Fecha de publicación, distribución, etc. 2007.
300 ## - DESCRIPCIÓN FÍSICA
Extensión 96 p. :
Otras características físicas il.
490 ## - MENCIÓN DE SERIE
Mención de serie Clásicos juveniles
500 ## - NOTA GENERAL
Nota general Adaptación de la obra original
650 #4 - ASIENTO SECUNDARIO DE MATERIA - TERMINO TEMATICO
Término de materia o nombre geográfico como elemento de entrada Novela francesa
9 (RLIN) 8238
650 #4 - ASIENTO SECUNDARIO DE MATERIA - TERMINO TEMATICO
Término de materia o nombre geográfico como elemento de entrada Literatura juvenil
9 (RLIN) 5153
905 ## - TIPO DE MATERIAL
Tipo de material Infantil
942 ## - ELEMENTOS DE PUNTO DE ACCESO ADICIONAL (KOHA)
Fuente del sistema de clasificación o colocación Library of Congress Classification
Tipo de ítem Koha Libro
Holdings
Estado de retiro Estado de pérdida Fuente del sistema de clasificación o colocación Estado dañado No para préstamo Código de colección Localización permanente Ubicación/localización actual Ubicación en estantería Fecha de adquisición Total de préstamos Clasificación Código de barras Fecha visto por última vez Tipo de ítem Koha
    Library of Congress Classification   En proceso de revisión Infantil Bib. Gregorio Torres Quintero Bib. Gregorio Torres Quintero Sala infantil Planta baja 11/05/2023 2 PQ2226 D8.2 254955 31/12/2020 Libro